000 00483nam a2200205Ia 4500
001 12396
003 GE_BSU
008 181216s||||||||xx |||||||||||||| ||und||
040 _cGE_BSU
080 _a631.519(073
100 _aРюбензам,Э.
245 _aЗемледелие
245 _cРед.Е.Н.Фолькман
260 _aМосква
260 _bКолос
260 _c1969
300 _a520стр.26см.
653 _aЗемледелие
942 _cBK
999 _c45570
_d45570